Online Catalogue and eLibrary

Sirith maldama (Record no. 5337)

MARC details
000 -LEADER
fixed length control field 00363nam a2200145Ia 4500
005 - DATE AND TIME OF LATEST TRANSACTION
control field 20250703160154.0
008 - FIXED-LENGTH DATA ELEMENTS--GENERAL INFORMATION
fixed length control field 240331s9999 xx 000 0 und d
082 ## - DDC Classification
Item Number - Author Mark KUR
Class No. 920
100 ## - MAIN ENTRY--PERSONAL NAME
Personal name Kuruwita Bandara,T
245 #0 - TITLE STATEMENT
Title Sirith maldama
260 ## - PUBLICATION, DISTRIBUTION, ETC.
Place of publication, distribution, etc. Colombo
Name of publisher, distributor, etc. Lake House Investments Company Limited
Date of publication, distribution, etc. 1984
300 ## - PHYSICAL DESCRIPTION
Extent (e.g. Volumes, Pages etc.) 82 p .,
650 ## - SUBJECT ADDED ENTRY--TOPICAL TERM
Topical term or geographic name entry element Articles
942 ## - Koha item type (Biblio)
Koha item type Books in Stacks (Lending)
Holdings
Lost status Damaged status Collection code Home library Current library Shelving location Date acquired Full call number Accession Number Item type
    Lending WERC Library WERC Library Social Science Cupboard 03/31/2024 920 KUR 1128 Books in Stacks (Lending)

© WERC Library